Conflictividad socio-laboral y democracia

Se presenta una breve descripción de las acciones tomadas por los sindicalistas ante el despido masivo de dos mil empleados en El Salvador. Se argumenta que estos hechos van contra el clima democrático formado a partir de los Acuerdos de Paz. WMV

Gorde:
Xehetasun bibliografikoak
Formatua: Texto
Gaiak:
Etiketak: Etiketa erantsi
Etiketarik gabe, Izan zaitez lehena erregistro honi etiketa jartzen!

MARC

LEADER 00000 a a2200000 04500
001 6032
003
040
245 |a Conflictividad socio-laboral y democracia  
520 |a Se presenta una breve descripción de las acciones tomadas por los sindicalistas ante el despido masivo de dos mil empleados en El Salvador. Se argumenta que estos hechos van contra el clima democrático formado a partir de los Acuerdos de Paz. WMV  
650 |a TRABAJO  
650 |a SINDICATOS  
650 |a DEMOCRACIA  
773 |g volumen 16, número 692; páginas 7-9  
999 |c 27916  |d 27916